000 00550nam a2200193Ia 4500
999 _c3695
_d3695
003 OSt
005 20241126110501.0
008 160603b xxu||||| |||| 00| 0 eng d
020 _a81-7475-030-4
040 _cgbc
082 _a223.907
_bHWA
100 _aHwang, Andrew
_97321
245 _aThe Songs of Songs /
_cAndrew Hwang and Samuel Goh
260 _bTheological Book Trust,
_aBangalore:
_c2001
300 _a170p.;
_c21 cm.
440 _aAsia Bible Commentary
_97182
650 _aBible
_vOld Testament
_xSong of Songs
_97547
942 _2ddc
_cBK
_06